00605nam a2200181Ii 450000100060000000300090000600800410001504000330005604100080008908200180009711000510011524500860016626400780025230000120033033600260034233700280036833800270039619172CO-ViMGA241108s9999||||xx |||||||||||||| ||und|| aCO-ViMGAbspaerdacCO-ViMGA0 aspa04a348.048 E71co1 aEscuela Superior de Administración Pública10aCompendio de Normatividad y doctrina en empleo Público y carrera Administrativa 1aBogotá, Colombia : Escuela Superior de Administración Pública, 2011 avolumen atextbtxt2rdacontent aunmediatedbn2rdamedia avolumebnc2rdacarrier